000 01481nam a2200385 a 4500
008 190523s2006 S d|||fr|||| 001 0 SPA d
020 _a9500204231
041 _aspa
092 _c616.8
_l27
_sFUS
100 1 _aFustinoni, Osvaldo
_9405
245 _aSemiologia del sistema nervioso /
_cOsvaldo Fustinoni
250 _a14a ed.
260 _aBuenos Aires:
_bEl Ateneo;
_c2006.
300 _a540 p.
_b26x18cm.
500 _aFustinoni, O. (2006). Semiología del sistema nervioso. (14a ed.). Buenos Aires : El Ateneo.
590 _aDonación de Javier Cuello, mayo 2019.
653 _aNociones de anatomia, fisiologia, histologia y patologia.
653 _aExploración
653 _aFunciones craneanas, sensoriales,oculomotoras y de equilibrio pares craneanos V,VII,XI,y XII.
653 _aMotilidad
653 _aTono muscular
653 _aTrofismo
653 _aTaxia
653 _aReflejos, clonus y sincinesias.
653 _aManifestaciones motoras de hiperrexcitabilidad central y periférica
653 _aMovimientos anormales y sindromes extrapiramidales
653 _aSensibilidad
653 _aSueño conciencia y coma
653 _aPalabra y funciones cerebrales superiores: lenguaje, praxia, gnosia, memoria.
653 _aSindromes vasculares
653 _aSindromes cognitivos
653 _aSindromes semiológicos de otras afecciones del sistema nervioso.
653 _aSemiologia psiquiátrica y comportamiento
942 _2ddc
_cBK
999 _c2978
_d2977